| 000 | 00508nam a2200157 i 4500 | ||
|---|---|---|---|
| 001 | 128936 | ||
| 003 | ES-MaACL | ||
| 007 | t| | ||
| 008 | 070531s1905 sp ||||1| spa d | ||
| 080 | _a619:618.2 | ||
| 100 | 1 |
_aTéllez y López, Juan. _9109647 |
|
| 245 | 1 | 0 |
_aManual de obstetricia _b: seguido de un estudio sobre la reproducción, la ontogenia y la filogenia / _cpor Juan Téllez y López. |
| 260 |
_aMadrid : _bBailly-Baillière, _c1905. |
||
| 300 |
_a255 p. ; _c18 cm. |
||
| 852 |
_aES-MaACL _jG-14291 |
||
| 999 |
_c128936 _d128936 |
||